[Event "AUT-ch Rapid"]
[Site "Innsbruck"]
[Date "2025.06.20"]
[Round "8"]
[White "Binder, Moriz"]
[Black "Vrban, Damir"]
[Result "1/2-1/2"]
[WhiteElo "2212"]
[BlackElo "2154"]
[PlyCount "48"]
[EventDate "2025.06.19"]
[EventType "swiss (rapid)"]
[EventRounds "9"]
[EventCountry "AUT"]
[SourceTitle "CB26_2025"]
[SourceDate "2025.06.25"]
[SourceVersion "1"]
[SourceVersionDate "2025.06.25"]
[SourceQuality "1"]

1. d4 f5 2. Nf3 Nf6 3. c4 g6 4. g3 Bg7 5. Bg2 0-0 6. 0-0 d6 7. Nc3 c6 8. Rb1 Nh5 9. b4 e5 10. dxe5 dxe5 11. Qxd8 Rxd8 12. Bg5 Re8 13. e4 f4 14. Rbd1 Be6 15. c5 Na6 16. gxf4 h6 17. f5 Bc4 18. Be3 Bxf1 19. Bxf1 g5 20. b5 Nb4 21. Rd7 Rab8 22. Bc4+ Kh8 23. Bf7 Red8 24. Rxd8+ Rxd8 1/2-1/2

[Event "AUT-ch Rapid"]
[Site "Innsbruck"]
[Date "2025.06.20"]
[Round "5"]
[White "Haselsberger, Armin"]
[Black "Binder, Moriz"]
[Result "1/2-1/2"]
[WhiteElo "1957"]
[BlackElo "2212"]
[PlyCount "146"]
[EventDate "2025.06.19"]
[EventType "swiss (rapid)"]
[EventRounds "9"]
[EventCountry "AUT"]
[SourceTitle "CB26_2025"]
[SourceDate "2025.06.25"]
[SourceVersion "1"]
[SourceVersionDate "2025.06.25"]
[SourceQuality "1"]

1. d4 Nf6 2. c4 e6 3. Nf3 d5 4. g3 Be7 5. Bg2 0-0 6. 0-0 dxc4 7. Qc2 b5 8. a4 b4 9. Nbd2 Bb7 10. Nxc4 Be4 11. Qd2 c5 12. dxc5 Bxc5 13. Qxd8 Rxd8 14. Nce5 Nc6 15. Nxc6 Bxc6 16. Bg5 Be7 17. Ne5 Bxg2 18. Kxg2 h6 19. Nc6 hxg5 20. Nxe7+ Kf8 21. Nc6 Rd2 22. b3 Rxe2 23. Nxb4 Rb8 24. Nc6 Rxb3 25. Nxa7 Nd5 26. Kg1 Rbb2 27. a5 Ra2 28. Nc6 Rxf2 29. Rxf2 Rxa1+ 30. Kg2 Ne3+ 31. Kf3 Nc4 32. Kg4 Nxa5 33. Nd8 f5+ 34. Kxg5 Ke7 35. Rd2 Ra4 36. Kg6 Rg4+ 37. Kh7 Nc4 38. Nc6+ Kf6 39. Rd8 e5 40. Rf8+ Ke6 41. Rg8 Rg5 42. Rxg7 Rh5+ 43. Kg8 Rxh2 44. Nb4 Rh6 45. g4 f4 46. g5 Rh1 47. g6 Rg1 48. Kh7 Nd6 49. Rc7 Ne8 50. Rf7 Nf6+ 51. Kg7 Nh5+ 52. Kh6 Nf6 53. Kg7 Nd5 54. Nd3 Rg4 55. Nc5+ Kd6 56. Ne4+ Ke6 57. Nc5+ Kd6 58. Ne4+ Kc6 59. Kh7 f3 60. Nf6 Rh4+ 61. Kg8 Nf4 62. g7 f2 63. Kf8 Ne6+ 64. Ke7 Nxg7 65. Nd7 Kd5 66. Rxf2 e4 67. Nf6+ Ke5 68. Re2 Nf5+ 69. Kf7 Rh7+ 70. Nxh7 Kf4 71. Nf6 e3 72. Nd5+ Kf3 73. Rxe3+ Nxe3 1/2-1/2

[Event "AUT-ch Rapid"]
[Site "Innsbruck"]
[Date "2025.06.20"]
[Round "9"]
[White "Polterauer, Chiara"]
[Black "Binder, Moriz"]
[Result "1/2-1/2"]
[WhiteElo "2159"]
[BlackElo "2212"]
[PlyCount "38"]
[EventDate "2025.06.19"]
[EventType "swiss (rapid)"]
[EventRounds "9"]
[EventCountry "AUT"]
[SourceTitle "CB26_2025"]
[SourceDate "2025.06.25"]
[SourceVersion "1"]
[SourceVersionDate "2025.06.25"]
[SourceQuality "1"]

1. e4 e5 2. Nf3 Nc6 3. Bc4 Bc5 4. c3 Nf6 5. d3 a6 6. Bb3 Ba7 7. Nbd2 0-0 8. h3 d5 9. Qe2 Re8 10. Nf1 dxe4 11. dxe4 Be6 12. Ng3 Qd7 13. Bxe6 Rxe6 14. 0-0 Rd8 15. Bg5 h6 16. Rad1 Qe8 17. Bxf6 Rxf6 18. Nf5 Kh7 19. Rxd8 Nxd8 1/2-1/2

[Event "AUT-ch Rapid"]
[Site "Innsbruck"]
[Date "2025.06.19"]
[Round "1"]
[White "Spierings, Benjamin"]
[Black "Binder, Moriz"]
[Result "0-1"]
[WhiteElo "1792"]
[BlackElo "2212"]
[PlyCount "108"]
[EventDate "2025.06.19"]
[EventType "swiss (rapid)"]
[EventRounds "9"]
[EventCountry "AUT"]
[SourceTitle "CB26_2025"]
[SourceDate "2025.06.25"]
[SourceVersion "1"]
[SourceVersionDate "2025.06.25"]
[SourceQuality "1"]

1. e4 d6 2. d4 g6 3. Nc3 Bg7 4. Be3 a6 5. Qd2 b5 6. a3 Bb7 7. f3 Nd7 8. 0-0-0 c5 9. dxc5 Nxc5 10. Bxc5 dxc5 11. Qxd8+ Rxd8 12. Rxd8+ Kxd8 13. Nge2 e6 14. g3 h5 15. Bg2 Kc7 16. Rd1 Ne7 17. Nf4 h4 18. Nd3 c4 19. Nc5 Bc8 20. Na2 hxg3 21. hxg3 Rh2 22. Bh1 Nc6 23. Nb4 Kb6 24. Nxc6 Kxc6 25. b4 cxb3 26. Nxb3 Kc7 27. f4 Bc3 28. e5 Rh3 29. Rg1 Kb6 30. Bf3 a5 31. Nd2 Bd4 32. Rg2 Rh1+ 33. Bd1 Bb7 34. Re2 Bd5 35. Ne4 Rg1 36. Kd2 Bxe4 37. Rxe4 Bc5 38. Be2 Rxg3 39. Bd3 Bxa3 40. Rd4 Rf3 41. Ke2 Bc5 42. Rd8 Rf2+ 43. Ke1 Rxf4 44. Rb8+ Kc7 45. Rxb5 Bb4+ 46. Ke2 Kc6 47. Rb8 Kd5 48. Rb5+ Kd4 49. Rb8 Kxe5 50. Ke3 Bc5+ 51. Kd2 Rf2+ 52. Kc3 g5 53. Rb5 Kd6 54. Kc4 Rf4+ 0-1

[Event "AUT-ch Blitz"]
[Site "Innsbruck"]
[Date "2024.06.01"]
[Round "1"]
[White "Babinetz, Rainer"]
[Black "Binder, Moriz"]
[Result "0-1"]
[WhiteElo "1891"]
[BlackElo "2172"]
[PlyCount "110"]
[EventDate "2024.06.01"]
[EventType "swiss (blitz)"]
[EventRounds "11"]
[EventCountry "AUT"]
[SourceTitle "CBM 220 Extra"]
[Source "ChessBase"]
[SourceDate "2024.07.31"]
[SourceVersion "1"]
[SourceVersionDate "2024.07.31"]
[SourceQuality "1"]

1. Nf3 d5 2. c4 d4 3. d3 Nc6 4. g3 e5 5. Bg2 h6 6. e3 Nf6 7. Qc2 Bc5 8. a3 a5 9. 0-0 0-0 10. e4 a4 11. Nbd2 Ra6 12. h3 Bd7 13. Kh2 Re8 14. Ng1 Bf8 15. Re1 Qb8 16. Nf1 b5 17. cxb5 Qxb5 18. f4 Bd6 19. f5 Na5 20. Nd2 Rc6 21. Qd1 Nb3 22. Nxb3 Qxb3 23. Qxb3 axb3 24. Bf3 Rb6 25. Bd2 c5 26. Rec1 Rc8 27. Be2 Bb5 28. g4 Ne8 29. Nf3 f6 30. h4 Be7 31. g5 Nd6 32. a4 Ba6 33. a5 Rbb8 34. gxh6 c4 35. dxc4 Nxc4 36. Bxc4+ Rxc4 37. Rxc4 Bxc4 38. Rc1 Rc8 39. hxg7 Kxg7 40. Ne1 Kf7 41. Nd3 Ke8 42. Nb4 Kd7 43. h5 Kd6 44. Nd5 Bd8 45. h6 Bc7 46. h7 Bxd5 47. Rxc7 Kxc7 48. exd5 Rh8 49. Bb4 Rxh7+ 50. Kg3 Kd7 51. a6 Rh8 52. Bc5 Rc8 53. a7 e4 54. Kf4 d3 55. Kxe4 d2 0-1

[Event "AUT-ch Blitz"]
[Site "Innsbruck"]
[Date "2024.06.01"]
[Round "6"]
[White "Binder, Moriz"]
[Black "Horvath, Dominik"]
[Result "0-1"]
[WhiteElo "2172"]
[BlackElo "2396"]
[PlyCount "68"]
[EventDate "2024.06.01"]
[EventType "swiss (blitz)"]
[EventRounds "11"]
[EventCountry "AUT"]
[SourceTitle "CBM 220 Extra"]
[Source "ChessBase"]
[SourceDate "2024.07.31"]
[SourceVersion "1"]
[SourceVersionDate "2024.07.31"]
[SourceQuality "1"]

1. d4 Nf6 2. Nf3 g6 3. Nbd2 d5 4. b4 a5 5. b5 c5 6. bxc6 Nxc6 7. e3 Bf5 8. a3 Bg7 9. c4 0-0 10. Be2 Ne4 11. Nxe4 Bxe4 12. 0-0 e5 13. cxd5 Bxd5 14. dxe5 Nxe5 15. Rb1 Be4 16. Rb5 Nd3 17. Bd2 Bc6 18. Rb1 Rc8 19. Bxa5 Qxa5 20. Qxd3 Rfd8 21. Qb3 Be4 22. Qb4 Qf5 23. Rbd1 Bf8 24. Qb2 Rxd1 25. Rxd1 Rc2 26. Qb5 Qxb5 27. Bxb5 Bxa3 28. Nd4 Rc7 29. f3 Bd5 30. Nc2 Rxc2 31. Rxd5 Bc5 32. Re5 b6 33. h4 Kg7 34. Kh2 Bd6 0-1

[Event "Tirol Landesliga 2223"]
[Site "Austria"]
[Date "2022.11.27"]
[Round "4.2"]
[White "Kranewitter, Norbert"]
[Black "Binder, Moriz"]
[Result "0-1"]
[WhiteElo "1977"]
[BlackElo "2213"]
[PlyCount "50"]
[EventDate "2022.10.01"]
[EventType "team-tourn"]
[EventRounds "9"]
[EventCountry "AUT"]
[SourceTitle "EXT 2024"]
[Source "ChessBase"]
[SourceDate "2023.10.10"]
[SourceVersion "1"]
[SourceVersionDate "2023.10.10"]
[SourceQuality "1"]
[WhiteTeam "Kufstein/Woergl"]
[BlackTeam "Schwaz"]
[WhiteTeamCountry "AUT"]
[BlackTeamCountry "AUT"]

1. e4 e5 2. f4 exf4 3. Nf3 g5 4. Nc3 Bg7 5. g3 Nc6 6. Bc4 h6 7. Nd5 d6 8. c3 Ne5 9. Be2 c6 10. Nb4 Qe7 11. gxf4 gxf4 12. d4 Ng6 13. Qd3 Nf6 14. Nd2 0-0 15. Rg1 Re8 16. Bf3 Nxe4 17. Nxe4 d5 18. Bh5 Qh4+ 19. Kd2 dxe4 20. Qe2 f3 21. Bxf3 Qf4+ 22. Kc2 Qxf3 23. Qc4 Qf2+ 24. Bd2 e3 25. Rxg6 Bf5+ 0-1

[Event "Tirol Landesliga 2223"]
[Site "Austria"]
[Date "2022.11.26"]
[Round "3.2"]
[White "Binder, Moriz"]
[Black "Egartner, Wolfgang"]
[Result "1/2-1/2"]
[WhiteElo "2213"]
[BlackElo "2012"]
[PlyCount "59"]
[EventDate "2022.10.01"]
[EventType "team-tourn"]
[EventRounds "9"]
[EventCountry "AUT"]
[SourceTitle "EXT 2024"]
[Source "ChessBase"]
[SourceDate "2023.10.10"]
[SourceVersion "1"]
[SourceVersionDate "2023.10.10"]
[SourceQuality "1"]
[WhiteTeam "Schwaz"]
[BlackTeam "Reutte"]
[WhiteTeamCountry "AUT"]
[BlackTeamCountry "AUT"]

1. d4 d5 2. c4 c6 3. Nf3 Nf6 4. e3 a6 5. Bd3 Bg4 6. 0-0 e6 7. Qb3 Ra7 8. Ne5 dxc4 9. Qxc4 Bh5 10. Bd2 Nfd7 11. Nxd7 Nxd7 12. a4 c5 13. a5 Ra8 14. Be4 Rb8 15. Bc3 cxd4 16. Qxd4 Nc5 17. Bc2 Qxd4 18. exd4 Nd7 19. d5 e5 20. Re1 f6 21. Ba4 Kd8 22. Nd2 Bg6 23. Nb3 Nc5 24. Nxc5 Bxc5 25. Rac1 Rc8 26. g3 Be8 27. Bc2 Bg6 28. Ba4 Be8 29. Bc2 Bg6 30. Ba4 1/2-1/2

[Event "BL2-Ost 1819"]
[Site "Germany"]
[Date "2019.03.24"]
[Round "10.8"]
[White "Binder, Moriz"]
[Black "Myshkin, Nikita"]
[Result "0-1"]
[WhiteElo "2247"]
[BlackElo "2293"]
[PlyCount "48"]
[EventDate "2018.11.10"]
[EventType "team-tourn"]
[EventRounds "10"]
[EventCountry "GER"]
[SourceTitle "CBM 190 Extra"]
[Source "ChessBase"]
[SourceDate "2019.07.15"]
[SourceVersion "1"]
[SourceVersionDate "2019.07.15"]
[SourceQuality "1"]
[WhiteTeam "Weilheim"]
[BlackTeam "Erfurt"]
[WhiteTeamCountry "GER"]
[BlackTeamCountry "GER"]

1. d4 Nf6 2. c4 e6 3. Nf3 b6 4. g3 Ba6 5. b3 Bb4+ 6. Bd2 Be7 7. Bg2 c6 8. 0-0 d5 9. Qc2 0-0 10. Rd1 Nbd7 11. Bf4 Nh5 12. Bc1 Nhf6 13. Bf4 Rc8 14. Nc3 c5 15. dxc5 Bxc5 16. Bg5 Qe8 17. Bxf6 Nxf6 18. Qb2 Bb4 19. Ne5 Bd6 20. Nf3 Qe7 21. cxd5 Ba3 22. d6 Bxb2 23. dxe7 Rfe8 24. Rd8 Bxa1 0-1

[Event "BL2-Ost 1819"]
[Site "Germany"]
[Date "2019.03.23"]
[Round "9.8"]
[White "Linnert, Niklas"]
[Black "Binder, Moriz"]
[Result "1/2-1/2"]
[WhiteElo "2044"]
[BlackElo "2247"]
[PlyCount "93"]
[EventDate "2018.11.10"]
[EventType "team-tourn"]
[EventRounds "10"]
[EventCountry "GER"]
[SourceTitle "CBM 190 Extra"]
[Source "ChessBase"]
[SourceDate "2019.07.15"]
[SourceVersion "1"]
[SourceVersionDate "2019.07.15"]
[SourceQuality "1"]
[WhiteTeam "Plauen Koenig"]
[BlackTeam "Weilheim"]
[WhiteTeamCountry "GER"]
[BlackTeamCountry "GER"]

1. e4 e5 2. Nf3 Nc6 3. Bb5 a6 4. Ba4 Nf6 5. 0-0 Be7 6. Re1 b5 7. Bb3 d6 8. h3 0-0 9. c3 Nb8 10. d4 Nbd7 11. Nbd2 Bb7 12. Bc2 Re8 13. Nf1 Bf8 14. Ng3 g6 15. a4 c5 16. b3 Qc7 17. d5 c4 18. b4 a5 19. Be3 Reb8 20. axb5 Bc8 21. Qe2 axb4 22. Rxa8 Rxa8 23. cxb4 Nb6 24. Bxb6 Qxb6 25. Qxc4 Bd7 26. Bd3 Rc8 27. Qb3 Bxb5 28. Bxb5 Qxb5 29. Nd2 Bh6 30. Ngf1 Kg7 31. g3 Rb8 32. Nc4 Qxb4 33. Qxb4 Rxb4 34. Nxd6 Kg8 35. Ra1 Bf8 36. Ra8 Kg7 37. Ne8+ Nxe8 38. Rxe8 Rxe4 39. Ne3 Bc5 40. Ng4 Re1+ 41. Kg2 h5 42. Rxe5 Rd1 43. Ne3 Bxe3 44. fxe3 Kf6 45. Re4 Rxd5 46. Rf4+ Ke6 47. Kf3 1/2-1/2

[Event "AUT-chT2W 1819"]
[Site "Austria"]
[Date "2019.03.09"]
[Round "10.4"]
[White "Binder, Moriz"]
[Black "Schnegg, Daniel"]
[Result "1-0"]
[WhiteElo "2234"]
[BlackElo "2117"]
[PlyCount "61"]
[EventDate "2018.10.12"]
[EventType "team-tourn"]
[EventRounds "11"]
[EventCountry "AUT"]
[SourceTitle "CBM 189 Extra"]
[Source "ChessBase"]
[SourceDate "2019.05.31"]
[SourceVersion "1"]
[SourceVersionDate "2019.05.31"]
[SourceQuality "1"]
[WhiteTeam "Jenbach II"]
[BlackTeam "Oberland"]
[WhiteTeamCountry "AUT"]
[BlackTeamCountry "AUT"]

1. d4 Nf6 2. Nf3 d6 3. c4 g6 4. Nc3 Bg7 5. g3 0-0 6. Bg2 Nc6 7. 0-0 a6 8. b3 Rb8 9. a4 d5 10. Bb2 dxc4 11. bxc4 Na5 12. Qd3 Be6 13. Nd2 Bh6 14. e3 Bf5 15. Nce4 Nxe4 16. Bxe4 Bxe4 17. Nxe4 Bg7 18. Rfd1 Nc6 19. Rab1 b6 20. Ba3 Qd7 21. Nc3 Na7 22. Rb3 c6 23. Rdb1 Qc7 24. d5 Bxc3 25. Qxc3 cxd5 26. cxd5 Qd7 27. Qe5 b5 28. Qxe7 Rfd8 29. e4 Rbc8 30. Qf6 Rc4 31. Bb2 1-0

[Event "AUT-chT2W 1819"]
[Site "Austria"]
[Date "2018.12.09"]
[Round "5.2"]
[White "Binder, Moriz"]
[Black "Bensch, Patrick"]
[Result "0-1"]
[WhiteElo "2234"]
[BlackElo "2168"]
[PlyCount "86"]
[EventDate "2018.10.12"]
[EventType "team-tourn"]
[EventRounds "11"]
[EventCountry "AUT"]
[SourceTitle "CBM 189 Extra"]
[Source "ChessBase"]
[SourceDate "2019.05.31"]
[SourceVersion "1"]
[SourceVersionDate "2019.05.31"]
[SourceQuality "1"]
[WhiteTeam "Jenbach II"]
[BlackTeam "Ranshofen"]
[WhiteTeamCountry "AUT"]
[BlackTeamCountry "AUT"]

1. d4 Nf6 2. Nf3 g6 3. Nbd2 Bg7 4. e4 d6 5. Bd3 0-0 6. 0-0 Nc6 7. c3 e5 8. Re1 Re8 9. h3 Bd7 10. Nf1 a5 11. Ng3 h6 12. Be3 Qc8 13. Bc2 a4 14. Nh2 a3 15. b3 exd4 16. cxd4 Nb4 17. Qd2 c5 18. Bd1 Nxe4 19. Nxe4 Rxe4 20. Bf3 Rh4 21. Rac1 Bxd4 22. Bxh6 Bxh3 23. g3 Rxh6 24. Qxh6 Nxa2 25. g4 Bg7 26. Qxh3 Nxc1 27. Bd5 Ne2+ 28. Rxe2 a2 29. Rxa2 Rxa2 30. Nf3 Qe8 31. Kg2 Qe7 32. Qh2 Qf6 33. Bxb7 Qb2 34. Qh4 Bf6 35. g5 Bd4 36. Nxd4 Qxd4 37. Qg3 d5 38. Qf3 Rd2 39. Ba6 Qe4 40. Qxe4 dxe4 41. Kg3 Kg7 42. f3 e3 43. f4 Rf2 0-1

[Event "AUT-chT2W 1718"]
[Site "Austria"]
[Date "2018.03.11"]
[Round "11.3"]
[White "Novkovic, Julia"]
[Black "Binder, Moriz"]
[Result "0-1"]
[WhiteElo "2111"]
[BlackElo "2218"]
[PlyCount "152"]
[EventDate "2017.10.13"]
[EventType "team-tourn"]
[EventRounds "11"]
[EventCountry "AUT"]
[SourceTitle "EXT 2019"]
[Source "ChessBase"]
[SourceDate "2018.10.10"]
[SourceVersion "1"]
[SourceVersionDate "2018.10.10"]
[SourceQuality "1"]
[WhiteTeam "Dornbirn"]
[BlackTeam "Jenbach II"]
[WhiteTeamCountry "AUT"]
[BlackTeamCountry "AUT"]

1. e4 e5 2. Nf3 Nc6 3. Bb5 a6 4. Ba4 Nf6 5. d3 b5 6. Bb3 Bc5 7. c3 0-0 8. Bg5 h6 9. Bh4 Be7 10. h3 d6 11. g4 Be6 12. Nbd2 Nd7 13. Bg3 Nc5 14. Bc2 d5 15. Nxe5 Nxe5 16. Bxe5 dxe4 17. dxe4 Nd3+ 18. Bxd3 Qxd3 19. Qc2 Qd7 20. 0-0 Bc5 21. Kg2 Rfe8 22. Rfd1 Qc6 23. Nf3 f6 24. Bd4 Bd6 25. Nd2 f5 26. f3 Bf4 27. e5 fxg4 28. hxg4 Bxg4 29. Qe4 Qxe4 30. Nxe4 Bf5 31. Ng3 Bg6 32. Re1 c5 33. Bxc5 Bxe5 34. a4 Rac8 35. Bb4 Bb8 36. axb5 axb5 37. Rad1 Rxe1 38. Rxe1 Rd8 39. Nf1 Rd7 40. Re6 Kh7 41. Rb6 Bf4 42. Rxb5 Rd1 43. c4 Bd3 44. Ng3 Bxc4 45. Rc5 Rc1 46. Ne4 Rc2+ 47. Kh1 Be3 48. Rc6 Rc1+ 49. Kh2 Bf4+ 50. Kh3 Bf1+ 51. Kg4 Rxc6 52. Kxf4 g5+ 53. Kg3 Kg6 54. Bc3 Ba6 55. Kf2 Bd3 56. Nd2 Re6 57. Nb3 Re2+ 58. Kg1 h5 59. Nd4 Re8 60. Bd2 g4 61. Kf2 gxf3 62. Kxf3 h4 63. Bf4 Kh5 64. b4 Be4+ 65. Kf2 Kg4 66. Bh2 Bd3 67. Bg1 Bc4 68. Kg2 Rb8 69. b5 Bd5+ 70. Kf1 Ra8 71. b6 Ra1+ 72. Kf2 Ra2+ 73. Kf1 h3 74. Ne2 Bc4 75. b7 Rxe2 76. Bb6 Re7+ 0-1

[Event "AUT-chT2W 1718"]
[Site "Austria"]
[Date "2017.12.03"]
[Round "5.6"]
[White "Binder, Moriz"]
[Black "Knechtel, Roland"]
[Result "0-1"]
[WhiteElo "2218"]
[BlackElo "2245"]
[PlyCount "64"]
[EventDate "2017.10.13"]
[EventType "team-tourn"]
[EventRounds "11"]
[EventCountry "AUT"]
[SourceTitle "CBM 181 Extra"]
[Source "ChessBase"]
[SourceDate "2017.12.12"]
[SourceVersion "1"]
[SourceVersionDate "2017.12.12"]
[SourceQuality "1"]
[WhiteTeam "Jenbach II"]
[BlackTeam "Ranshofen"]
[WhiteTeamCountry "AUT"]
[BlackTeamCountry "AUT"]

1. d4 d5 2. c4 c6 3. Nf3 Nf6 4. Nc3 a6 5. c5 Nbd7 6. Bg5 g6 7. e3 Bg7 8. Be2 0-0 9. 0-0 h6 10. Bh4 Ne4 11. Nxe4 dxe4 12. Nd2 f5 13. f4 exf3 14. Nxf3 Qe8 15. Rc1 e5 16. d5 g5 17. dxc6 bxc6 18. Be1 Nf6 19. Bc4+ Kh8 20. b4 Ng4 21. Qb3 f4 22. exf4 gxf4 23. Bc3 Ne3 24. Rfe1 Ra7 25. Bd2 Nxc4 26. Qxc4 Be6 27. Qe2 Bd5 28. Nh4 Bf6 29. Nf5 Qg6 30. Nd6 Rg7 31. Ne4 Bh4 32. Bc3 f3 0-1

[Event "Oberliga Bayern 1617"]
[Site "Bayern"]
[Date "2017.04.30"]
[Round "9.8"]
[White "Binder, Moriz"]
[Black "Fischer, Emil"]
[Result "1-0"]
[WhiteElo "2086"]
[BlackElo "2007"]
[PlyCount "53"]
[EventDate "2016.10.16"]
[EventType "team-tourn"]
[EventRounds "9"]
[EventCountry "GER"]
[SourceTitle "EXT 2019"]
[Source "ChessBase"]
[SourceDate "2018.10.10"]
[SourceVersion "1"]
[SourceVersionDate "2018.10.10"]
[SourceQuality "1"]
[WhiteTeam "Weilheim"]
[BlackTeam "Schweinfurt"]
[WhiteTeamCountry "GER"]
[BlackTeamCountry "GER"]

1. d4 f5 2. c4 Nf6 3. Nc3 d6 4. Nf3 g6 5. Bf4 Bg7 6. h3 0-0 7. e3 e6 8. Be2 Qe7 9. 0-0 Nc6 10. Bh2 Nd8 11. Rc1 Nf7 12. c5 e5 13. Qb3 e4 14. cxd6 cxd6 15. Ng5 Kh8 16. Nxf7+ Rxf7 17. Bxd6 Qxd6 18. Qxf7 Bd7 19. Qb3 f4 20. Qxb7 Rf8 21. Nxe4 Nxe4 22. Qxe4 Re8 23. Qf3 Bf5 24. Bb5 Rb8 25. a4 g5 26. Qc6 Qd8 27. Rc5 1-0

[Event "AUT-chT2W 1617"]
[Site "Austria"]
[Date "2016.10.30"]
[Round "3.6"]
[White "Schiestl, Josef"]
[Black "Binder, Moriz"]
[Result "1/2-1/2"]
[WhiteElo "2123"]
[BlackElo "2186"]
[PlyCount "59"]
[EventDate "2016.10.28"]
[EventType "team-tourn"]
[EventRounds "11"]
[EventCountry "AUT"]
[SourceTitle "EXT 2018"]
[Source "ChessBase"]
[SourceDate "2017.10.13"]
[SourceVersion "1"]
[SourceVersionDate "2017.10.13"]
[SourceQuality "1"]
[WhiteTeam "Zillertal"]
[BlackTeam "Jenbach II"]
[WhiteTeamCountry "AUT"]
[BlackTeamCountry "AUT"]

1. e4 e5 2. Bc4 Nf6 3. d3 Nc6 4. Nf3 Bc5 5. c3 a6 6. Bb3 Ba7 7. h3 h6 8. Nbd2 d6 9. Nf1 Ne7 10. Ng3 Ng6 11. Qe2 0-0 12. 0-0 Nf4 13. Qd1 Re8 14. Be3 Be6 15. Kh2 Kh7 16. Qd2 g5 17. Ne2 Qd7 18. Bxe6 Qxe6 19. Bxa7 Rxa7 20. Nfg1 d5 21. g3 Nxe2 22. Qxe2 dxe4 23. dxe4 Raa8 24. a3 Qc6 25. f3 Rad8 26. Rad1 Kg7 27. Rd2 Rxd2 28. Qxd2 Re7 29. Rd1 Rd7 30. Qe1 1/2-1/2

[Event "Vienna op-A"]
[Site "Vienna"]
[Date "2016.08.20"]
[Round "5"]
[White "Binder, Moriz"]
[Black "Lomineishvili, Maia"]
[Result "1/2-1/2"]
[WhiteElo "2143"]
[BlackElo "2331"]
[PlyCount "97"]
[EventDate "2016.08.16"]
[EventType "swiss"]
[EventRounds "9"]
[EventCountry "AUT"]
[SourceTitle "CBM 173 Extra"]
[Source "ChessBase"]
[SourceDate "2016.08.29"]
[SourceVersion "1"]
[SourceVersionDate "2016.08.29"]
[SourceQuality "1"]

1. d4 Nf6 2. c4 e6 3. Nc3 d5 4. cxd5 exd5 5. Bg5 Bb4 6. e3 h6 7. Bxf6 Qxf6 8. Qb3 Bxc3+ 9. bxc3 c6 10. Nf3 Nd7 11. c4 dxc4 12. Bxc4 Nb6 13. 0-0 Nxc4 14. Qxc4 0-0 15. Rab1 Rb8 16. a4 Be6 17. Qc3 Rfd8 18. Rfc1 Bd5 19. Nd2 Rd7 20. Qd3 Re8 21. Rb2 Qg5 22. Qf1 f5 23. Nc4 f4 24. Ne5 Rc7 25. Re1 Rf8 26. e4 Be6 27. Qd3 Rd8 28. Rd1 Qe7 29. Qc3 Kh7 30. Rbd2 Bg8 31. Qh3 Be6 32. Qc3 Bc8 33. a5 Re8 34. f3 c5 35. Rc1 b6 36. Nd3 Qg5 37. axb6 axb6 38. dxc5 Ba6 39. c6 Bxd3 40. Qxd3 Re6 41. Qd7 Qa5 42. Qd5 Qa3 43. Rcc2 Rg6 44. Qe5 Qe3+ 45. Kf1 Rcxc6 46. Rxc6 Qxd2 47. Rxg6 Qd1+ 48. Kf2 Qd2+ 49. Kf1 1/2-1/2

[Event "AUT-ch"]
[Site "St Johann im Pongau"]
[Date "2016.07.30"]
[Round "8"]
[White "Binder, Moriz"]
[Black "Streiter, Gerhard"]
[Result "1-0"]
[WhiteElo "2143"]
[BlackElo "2005"]
[PlyCount "45"]
[EventDate "2016.07.23"]
[EventType "swiss"]
[EventRounds "9"]
[EventCountry "AUT"]
[SourceTitle "CBM 173 Extra"]
[Source "ChessBase"]
[SourceDate "2016.08.29"]
[SourceVersion "1"]
[SourceVersionDate "2016.08.29"]
[SourceQuality "1"]

1. d4 d5 2. Bf4 Bf5 3. c4 dxc4 4. Nc3 Nf6 5. f3 c6 6. e4 Be6 7. a4 a5 8. Nge2 Na6 9. Be3 Nb4 10. Nf4 Qd7 11. b3 g5 12. Nxe6 fxe6 13. Bxc4 Rd8 14. 0-0 Bg7 15. Qe2 0-0 16. Rad1 h6 17. f4 gxf4 18. Rxf4 Kh7 19. Rh4 Ng8 20. e5 Nd5 21. Ne4 Rf5 22. Bd3 Kg6 23. Nc5 1-0

[Event "AUT-chT2W 1415"]
[Site "Austria"]
[Date "2015.01.24"]
[Round "7.4"]
[White "Quintero Ortega, Carlos"]
[Black "Binder, Moriz"]
[Result "0-1"]
[WhiteElo "2203"]
[BlackElo "2175"]
[PlyCount "84"]
[EventDate "2014.10.10"]
[EventType "team-tourn"]
[EventRounds "11"]
[EventCountry "AUT"]
[SourceTitle "EXT 2016"]
[Source "ChessBase"]
[SourceDate "2015.10.08"]
[SourceVersion "1"]
[SourceVersionDate "2015.10.08"]
[SourceQuality "1"]
[WhiteTeam "Goetzis"]
[BlackTeam "Schwaz"]
[WhiteTeamCountry "AUT"]
[BlackTeamCountry "AUT"]

1. g3 d5 2. Bg2 Nf6 3. c4 c6 4. Nf3 g6 5. b3 Bg7 6. Bb2 0-0 7. 0-0 Qb6 8. Qc2 Rd8 9. d3 Nbd7 10. Nbd2 Nf8 11. Rab1 Bg4 12. b4 Ne6 13. b5 cxb5 14. Bxf6 Bxf6 15. Rxb5 Qc7 16. Qb1 Nc5 17. cxd5 a6 18. Rb4 Bxf3 19. Nxf3 b5 20. Rc1 Qd6 21. Nd2 Rac8 22. d4 Na4 23. Rxc8 Rxc8 24. Ne4 Qd8 25. Nxf6+ exf6 26. Bf3 Nc3 27. Qb2 Nxd5 28. Rb3 f5 29. Qd2 Rc4 30. e3 Nf6 31. Rb1 Qc7 32. d5 Ne4 33. Bxe4 fxe4 34. d6 Qd7 35. Qd5 Kg7 36. Rd1 f5 37. Qe5+ Kf7 38. Qh8 Ke6 39. Qg8+ Kf6 40. Qf8+ Ke6 41. Qa8 Rc6 42. Qxc6 Qxc6 0-1

[Event "AUT-chT2W 1415"]
[Site "Austria"]
[Date "2015.01.23"]
[Round "6.4"]
[White "Bezler, Rainer"]
[Black "Binder, Moriz"]
[Result "1/2-1/2"]
[WhiteElo "2227"]
[BlackElo "2175"]
[PlyCount "60"]
[EventDate "2014.10.10"]
[EventType "team-tourn"]
[EventRounds "11"]
[EventCountry "AUT"]
[SourceTitle "EXT 2016"]
[Source "ChessBase"]
[SourceDate "2015.10.08"]
[SourceVersion "1"]
[SourceVersionDate "2015.10.08"]
[SourceQuality "1"]
[WhiteTeam "Bregenz"]
[BlackTeam "Schwaz"]
[WhiteTeamCountry "AUT"]
[BlackTeamCountry "AUT"]

1. e4 e5 2. Nf3 Nc6 3. Bb5 a6 4. Ba4 Nf6 5. 0-0 Be7 6. Re1 b5 7. Bb3 d6 8. h3 0-0 9. c3 Nb8 10. d4 Nbd7 11. Nbd2 Bb7 12. Bc2 Re8 13. Nf1 Bf8 14. Ng3 h6 15. Nh4 exd4 16. Qxd4 c5 17. Qd1 d5 18. exd5 Nxd5 19. Nf3 N7f6 20. a4 Qc7 21. axb5 axb5 22. Rxa8 Rxa8 23. Ne4 Rd8 24. Qe2 Nxe4 25. Bxe4 Nf6 26. Bxb7 Qxb7 27. c4 Re8 28. Qc2 Rxe1+ 29. Nxe1 bxc4 30. Qxc4 Qe4 1/2-1/2

[Event "AUT-ch U18"]
[Site "Woerth"]
[Date "2014.04.17"]
[Round "7"]
[White "Binder, Moriz"]
[Black "Hribernig, Florian"]
[Result "1-0"]
[WhiteElo "2072"]
[BlackElo "1891"]
[PlyCount "53"]
[EventDate "2014.04.13"]
[EventType "swiss"]
[EventRounds "7"]
[EventCountry "AUT"]
[SourceTitle "EXT 2015"]
[Source "ChessBase"]
[SourceDate "2014.11.20"]
[SourceVersion "1"]
[SourceVersionDate "2014.11.20"]
[SourceQuality "1"]

1. d4 d5 2. c4 e6 3. Nf3 Nf6 4. g3 Be7 5. Bg2 0-0 6. 0-0 c6 7. Nbd2 Nbd7 8. Qc2 Qc7 9. b3 b6 10. Bb2 Bb7 11. cxd5 Nxd5 12. Rac1 Rac8 13. e4 Nb4 14. Qb1 Ba6 15. Nc4 c5 16. Rfd1 Nf6 17. a3 Bxc4 18. bxc4 Na6 19. d5 exd5 20. e5 Ng4 21. cxd5 Rfd8 22. d6 Bxd6 23. exd6 Rxd6 24. Rxd6 Qxd6 25. Rd1 Qe6 26. Ng5 Qh6 27. Qf5 1-0